000 00345nam a2200145Ia 4500
008 230917s9999||||xx |||||||||||||| ||und||
040 _e64359
_aMAIN
041 _aEnglish
082 _a380.5 N171P
100 _aNash, C A
245 0 _aPublic versus private transport
260 _aLondon
_bMacmillan
_c1976
300 _a95 p.
942 _cBK
999 _c198650
_d198650